| 000 | 01219nam a22002894a 4500 | ||
|---|---|---|---|
| 001 | ebr10124725 | ||
| 003 | CaPaEBR | ||
| 006 | m u | ||
| 007 | cr cn||||||||| | ||
| 008 | 040309s2004 flua s 001 0 eng | ||
| 010 | _z 2004005588 | ||
| 020 | _z1932159312 (hardcover : alk. paper) | ||
| 040 |
_aCaPaEBR _cCaPaEBR |
||
| 035 | _a(OCoLC)228136910 | ||
| 050 | 1 | 4 |
_aTS160 _b.S515 2004eb |
| 082 | 0 | 4 |
_a658.7/87 _222 |
| 100 | 1 | _aSheldon, Donald H. | |
| 245 | 1 | 0 |
_aAchieving inventory accuracy _h[electronic resource] : _ba guide to sustainable class A excellence in 120 days / _cby Donald H. Sheldon. |
| 260 |
_a[Boca Raton, FL?] : _bJ. Ross Pub. ; _aAlexandria, VA : _bAPICS, The Educational Society for Resource Management, _cc2004. |
||
| 300 |
_axvi, 208 p. : _bill. |
||
| 500 | _aIncludes index. | ||
| 533 |
_aElectronic reproduction. _bPalo Alto, Calif. : _cebrary, _d2013. _nAvailable via World Wide Web. _nAccess may be limited to ebrary affiliated libraries. |
||
| 650 | 0 | _aInventory control. | |
| 655 | 7 |
_aElectronic books. _2local |
|
| 710 | 2 | _aebrary, Inc. | |
| 856 | 4 | 0 |
_uhttp://site.ebrary.com/lib/rucke/Doc?id=10124725 _zAn electronic book accessible through the World Wide Web; click to view |
| 999 |
_c212858 _d212858 |
||